Największe miasta w Polsce - Statystyki

Ogólne statystyki
  • Ten quiz został rozwiązany 64 razy
  • Średni wynik to 14 z 20
Statystyki odpowiedzi
Miejsce Powierzchnia Miasto % Poprawnych
#1 51,724 km² Warszawa
100%
#2 32,685 km² Kraków
98%
#7 26,196 km² Gdańsk
93%
#8 26,191 km² Poznań
93%
#5 29,282 km² Wrocław
92%
#4 29,325 km² Łódź
90%
#18 13,514 km² Gdynia
88%
#12 16,464 km² Katowice
85%
#3 30,060 km² Szczecin
85%
#11 17,598 km² Bydgoszcz
82%
#17 14,747 km² Lublin
82%
#20 12,901 km² Rzeszów
72%
#13 15,971 km² Częstochowa
63%
#6 27,826 km² Zielona Góra
63%
#15 14,888 km² Opole
62%
#19 13,388 km² Gliwice
52%
#10 18,873 km² Dąbrowa Górnicza
23%
#16 14,836 km² Rybnik
20%
#9 20,207 km² Świnoujście
18%
#14 15,259 km² Jaworzno
10%
Nie znaleziono quizów pasujących do podanych kryteriów
Rozkład punktacji
Procent ludzi z każdym wynikiem
Percentyl według liczby udzielonych odpowiedzi
Twoja historia wyników
Nie rozwiązałeś tego quizu